| 000 | 00503nam a2200181Ia 4500 | ||
|---|---|---|---|
| 008 | 100920s9999 xx 000 0 und d | ||
| 082 |
_b30136 _a370 0 |
||
| 100 | _aMOORE THOMAS. | ||
| 245 | _aLALLA ROOKH, AND IRISH MELODIES. | ||
| 260 |
_bMILNER & COMPANY PUB. ,LONDON. _c0 |
||
| 300 |
_a384 _bसाधी |
||
| 365 | _b0 | ||
| 520 | _aई.एल.ए. | ||
| 630 | _aLALLA ROOKH, AND IRISH MELODIES. | ||
| 650 | _aई.एल.ए. | ||
| 730 | _aLALLA ROOKH, AND IRISH MELODIES. | ||
| 942 | _cBOOK | ||
| 999 |
_c685620 _d685617 |
||